00461nam a2200145Ia 4500008004100000020001800041041000800059082001800067100002000085245013600105250000600241260002600247300001200273650003000285210716s2012 xx 000 0 und d a9788132108955 aeng a658.3154 HAMD aHames, David S. aNegotiation: closing deals settling disputes and making team decisions.bClosing deals settling disputes and making team decisions. a1 aNew DelhibSAGEc2012 axxi,497 aHuman Resource Management